000 00644nam a2200217 a 4500
005 20260221063944.0
008 991125s1996 bar 000 0 spa u
020 _a8449302161
035 _aUPN01000056169
049 _aCG
050 4 _aLC191.2
_bL8.78
100 1 _aLuhmann, Niklas,
_d1927-1998
245 1 0 _aTeoría de la sociedad y pedagogía /
_cNiklas Luhmann.
260 _aBarcelona, Esp. :
_bPaidós,
_c1996.
300 _a158 p.
440 0 _aPaidós educador ;
_v119
650 4 _aEducación
_xAspectos sociales
_95311
650 4 _aEducación
_xFilosofía
_94994
650 4 _aSociología de la educación
_94896
905 _aLibro
999 _c56169
_d56169